000 00694cab a2200217 4500
001 X3738
008 090401t1996 xxu||||| |||| 00| 0 eng d
035 _a(Sirsi) u32450
041 _aeng
245 _aLiverpool CC v Barr
260 _c1996
350 _a0
490 _aPlanning Appeal Decisions
_v[1996] 11 PAD 573-574(2)
520 _aDecision letter 26 April 1996. Appeal against refusal of council to grant planning permission for the erection of a radio mast and antenna. Appeal allowed, permission granted.
650 _aLIVERPOOL CC V BARR
650 _aRADIO MASTS
650 _aVISUAL AMENITY
690 _aPLANNING LAW AND PRACTICE
942 _n0
948 _c04/03/1997
999 _c21738
_d21738